NYC 3 Train Subway Stations (Harder Version) - Statistics

General Stats
  • This quiz has been taken 14 times
  • The average score is 30 of 34
Answer Stats
Borough Neighborhood Station Transfers % Correct
Manhattan Harlem 145th Street
100%
Manhattan Harlem Harlem–148th Street
100%
Manhattan Harlem 110th Street–Malcolm X Plaza 2
91%
Manhattan Harlem 116th Street 2
91%
Manhattan Harlem 125th Street 2
91%
Manhattan Harlem 135th Street 2
91%
Manhattan Chelsea 14th Street/Sixth Avenue F, M, 1, 2, L
91%
Manhattan Midtown 34th Street–Penn Station 1, 2
91%
Manhattan Upper West Side 72nd Street 1, 2
91%
Manhattan Upper West Side 96th Street 1, 2
91%
Brooklyn Downtown Atlantic Avenue–Barclays Center D, N, R, B, Q, 2, 4, 5
91%
Brooklyn Park Slope Bergen Street 2
91%
Brooklyn Downtown Borough Hall/Court Street R, 2, 4, 5
91%
Manhattan Financial District Chambers Street 1, 2
91%
Manhattan Financial District Chambers Street–World Trade Center/Park Place/Cortlandt Street A, C, E, 2, R, W
91%
Brooklyn Brooklyn Heights Clark Street 2
91%
Brooklyn Crown Heights Crown Heights–Utica Avenue 4
91%
Brooklyn Prospect Heights Eastern Parkway–Brooklyn Museum 2
91%
Brooklyn Crown Heights Franklin Avenue/Botanic Garden 2, 4, 5, S
91%
Manhattan Financial District Fulton Street A, C, 2, 4, 5, J
91%
Brooklyn Park Slope Grand Army Plaza 2
91%
Brooklyn Downtown Hoyt Street 2
91%
Brooklyn Brownsville Junius Street
91%
Brooklyn Downtown Nevins Street 2, 4, 5
91%
Brooklyn East New York New Lots Avenue
91%
Brooklyn Crown Heights Nostrand Avenue
91%
Manhattan Times Square Times Square–42nd Street S, N, Q, R, W, 1, 2, 7
91%
Brooklyn East New York Van Siclen Avenue
91%
Manhattan Financial District Wall Street 2
91%
Brooklyn Crown Heights Kingston Avenue
82%
Brooklyn East New York Pennsylvania Avenue
82%
Brooklyn Brownsville Saratoga Avenue
82%
Brooklyn Brownsville Rockaway Avenue
73%
Brooklyn East Flatbush Sutter Avenue–Rutland Road
73%
No matching quizzes found
Score Distribution
Percent of People with Each Score
Percentile by Number Answered
Your Score History
You have not taken this quiz